| 000 | 00496nam a2200181Ia 4500 | ||
|---|---|---|---|
| 001 | 11891 | ||
| 005 | 20260306162901.0 | ||
| 008 | 260306t2022||||xx |||||||||||||| ||spa|| | ||
| 041 | _aESP | ||
| 082 |
_aHR 261.8 _bN° 90 2022 ALLPANCHIS |
||
| 110 | _aUniversidad Católica San Pablo. Centro de Estudios Peruanos | ||
| 245 | 0 |
_aAllpanchis : _brevista de estudios andinos |
|
| 260 | _c2022 | ||
| 300 |
_a337 páginas : _c20 cm. |
||
| 650 | _aGEN | ||
| 654 | _aCHU | ||
| 942 |
_cREV _dJUS _fJUS _2ddc _n |
||
| 999 |
_c11891 _d11891 |
||